000
00351nam a22001577a 4500
005
20160624103527.0
008
160624b xxu||||| |||| 00| 0 eng d
020
_a
007-065645-2
041
_a
eng
082
_b
9686
245
_a
Tine Management
260
_b
Harvard Business Essention
300
_a
140
650
_a
Management
_9
241
942
_c
BK
999
_c
3768
_d
3767